00620cam a22001817a 4500008004000000020001500040082001400055245011200069260003700181300000900218650001600227650002000243700002900263700002600292700001600318999001900334952008500353180718b1992 xxu||||| |||| 00| 0 eng d a0195631641 aY7x54 G25 aNature guides: common butterflies of Indiacby Thomas Gay, Isaac David Kehimkar and Jagdish Chandra Punetha aOxfordbOxford Univ. Pressc1992 a67p. aButterflies aInsects - India aPunetha, Jagdish Chandra aKehimkar, Isaac David aGay, Thomas c400345d400345 00104070aIIPAbIIPAd2002-10-08oY7x54 G25p67223r2018-07-21w2018-07-21yBK